| 000 | 00699nam a2200217 i 4500 | ||
|---|---|---|---|
| 001 | 87502 | ||
| 003 | ES-MaACL | ||
| 005 | 20250809195002.0 | ||
| 007 | t| | ||
| 008 | 041222s1967 sp ||||1| spa d | ||
| 100 | 1 |
_aLaaths, Erwin. _969194 |
|
| 245 | 1 | 0 |
_aHistoria de la literatura universal / _cErwin Laaths ; [traducción, Juan Godó Costa ; revisada por Carlos Pujol]. |
| 250 | _a1ª ed. | ||
| 260 |
_aBarcelona : _bLabor, _c1967. |
||
| 300 |
_aXIV, 802 p., 7 lám. : _bil. ; _c28 cm. |
||
| 650 |
_aLiteratura- _xHistoria y crítica. _914489 |
||
| 700 | 1 |
_aGodo Costa, Juan. _957532 |
|
| 700 | 1 |
_aPujol, Carlos, _d1936-2012 _994332 |
|
| 852 |
_aES-MaACL _jC-32945 |
||
| 999 |
_c87502 _d87502 |
||